000 00905cam a22002531a 4500
001 ca 24000728
003 DLC
005 20260227111113.0
008 840224s1924 ksu 000 0 eng
010 _aca 24000728
035 _a(OCoLC)10455371
040 _aDLC
_cKPT
_dDLC
042 _apremarc
050 0 0 _aPT9815
_b.M6
100 1 _aMoritzen, Julius,
_d1863-
245 1 0 _aAugust Strindberg, the literary enigma /
_cJulius Moritzen.
260 _aGirard, Kan. :
_bHaldeman-Julius Co.,
_cc1924.
300 _a96 p. :
_bport. ;
_c13 cm.
440 0 _aLittle blue book ;
_vno. 503
504 _aBibliography: p. 94-96.
500 _aPublished 4 January 1924; copies deposited at Library of Congress 1 March 1924. Advertised 19 January 1924, Haldeman-Julius Weekly, p. 1.
500 _aLater printings lack three advertisements on outer back cover.
600 1 0 _aStrindberg, August,
_d1849-1912.
999 _c15853
_d15853